|
|
|
|
| LEADER |
01309nam a22002297a 4500 |
| 001 |
30846 |
| 003 |
BD-DhAAL |
| 005 |
20160210115714.0 |
| 008 |
160210s2009 bg ||||| ||||f00| 0 ben d |
| 040 |
|
|
|a BD-DhAAL
|c BD-DhAAL
|
| 082 |
|
|
|2 22
|a 384
|
| 245 |
|
|
|a বাংলাদেশ সচিবালয় টেলিফোন নির্দেশিকা :
|b (২০০৯ সনের জুন পর্যন্ত সংশোধিত)
|
| 264 |
|
|
|a ঢাকা :
|b গণপ্রজাতন্ত্রী বাংলাদেশ সরকার, সংস্হাপন মন্ত্রণালয়, প্রশাসন-১(২) অধিশাখা,
|c ২০০৯
|
| 300 |
|
|
|a iii, ৪৫৮ পৃ. :
|c ২৪ সে. মি.
|
| 526 |
|
|
|a Jaatri
|
| 541 |
|
|
|e 30846
|
| 650 |
|
|
|a Telephone
|x Directories
|x Indexes
|9 17943
|
| 710 |
|
|
|a গণপ্রজাতন্ত্রী বাংলাদেশ সরকার
|b সংস্হাপন মন্ত্রণালয়, প্রশাসন-১(২) অধিশাখা,
|9 17944
|
| 852 |
|
|
|a Ayesha Abed Library
|c General Stacks
|
| 942 |
|
|
|2 ddc
|c BK
|
| 999 |
|
|
|c 36835
|d 36835
|
| 952 |
|
|
|0 0
|1 0
|2 ddc
|4 0
|6 384_000000000000000_BAN
|7 0
|9 57973
|a BRACUL
|b BRACUL
|c GEN
|d 2016-02-10
|e Jaatri
|l 0
|o 384 BAN
|p 3010030846
|r 2016-02-10
|t 1
|w 2016-02-10
|y BK
|